Minerals planning - a matter for concern (Record no. 11881)

MARC details
000 -LEADER
fixed length control field 00801cab a2200205 4500
001 - CONTROL NUMBER
control field ABS39637
008 - FIXED-LENGTH DATA ELEMENTS--GENERAL INFORMATION
fixed length control field 090401t1988 xxu||||| |||| 00| 0 eng d
035 ## - SYSTEM CONTROL NUMBER
System control number (Sirsi) u17913
041 ## - LANGUAGE CODE
Language code of text/sound track or separate title eng
100 ## - MAIN ENTRY--PERSONAL NAME
Personal name Bullock, K.
245 ## - TITLE STATEMENT
Title Minerals planning - a matter for concern
260 ## - PUBLICATION, DISTRIBUTION, ETC.
Date of publication, distribution, etc. 1988
350 ## - PRICE (NR) (BK AM CF MU VM SE) [OBSOLETE]
Price 0
490 ## - SERIES STATEMENT
Series statement Surveying Technician
Volume/sequential designation 16(6) August/September 1988, 8-9(2)
520 ## - SUMMARY, ETC.
Summary, etc. Examines planning control over mineral workings which was the subject of a detailed study chaired by Sir Roger Stevens in 1976, many of whose recommendations were incorporated in the Town and Country Planning (Minerals) Act 1981 . Discusses the provisions of the act both in theory and practice.
690 ## - LOCAL SUBJECT ADDED ENTRY--TOPICAL TERM (OCLC, RLIN)
Topical term or geographic name as entry element MINING AND MINERALS
700 ## - ADDED ENTRY--PERSONAL NAME
Personal name Nicholson, B.
942 ## - ADDED ENTRY ELEMENTS (KOHA)
Suppress in OPAC 0
948 ## - LOCAL PROCESSING INFORMATION (OCLC); SERIES PART DESIGNATOR (RLIN)
c (OCLC) 04/03/1997
Holdings
Withdrawn status Lost status Source of classification or shelving scheme Damaged status Not for loan Home library Current library Shelving location Date acquired Total Checkouts Full call number Barcode Date last seen Copy number Price effective from Koha item type
    Dewey Decimal Classification     London London Journal article 14/09/1999   ABS39637 17913-1001 06/08/2019 1 06/08/2019 Journal article